On shaky ground (Record no. 523129)

000 -LEADER
fixed length control field 00515nam a22001457a 4500
008 - FIXED-LENGTH DATA ELEMENTS--GENERAL INFORMATION
fixed length control field 230703b ||||| |||| 00| 0 eng d
100 ## - MAIN ENTRY--PERSONAL NAME
Personal name Gupta, Alok Kumar
245 ## - TITLE STATEMENT
Title On shaky ground
260 ## - PUBLICATION, DISTRIBUTION, ETC. (IMPRINT)
Place of publication, distribution, etc Down to Earth
300 ## - PHYSICAL DESCRIPTION
Extent 32(1), May 16-31, 2023: p.34-36
520 ## - SUMMARY, ETC.
Summary, etc Nearly half a million people living in and around the Jharia coalfield in Jharkhand have be shifted to control underground fires. – Reproduced
773 ## - HOST ITEM ENTRY
Main entry heading Down to Earth
906 ## - LOCAL DATA ELEMENT F, LDF (RLIN)
Subject DIP DISASTER MANAGEMENT
942 ## - ADDED ENTRY ELEMENTS (KOHA)
Item type Articles
Holdings
Withdrawn status Lost status Source of classification or shelving scheme Damaged status Not for loan Permanent location Current location Date acquired Serial Enumeration / chronology Barcode Date last seen Koha item type
          Indian Institute of Public Administration Indian Institute of Public Administration 2023-07-03 32(1), May 16-31, 2023: p.34-36 AR129140 2023-07-03 Articles

Powered by Koha